Islam and healing: loss and recovery of an Indo-Muslim medical tradition 1600-1900 (Record no. 6260)
[ view plain ]
| 000 -LEADER | |
|---|---|
| fixed length control field | 00666nam a2200181Ia 4500 |
| 020 ## - INTERNATIONAL STANDARD BOOK NUMBER | |
| ISBN | 9878178241951 |
| 082 ## - DEWEY DECIMAL CLASSIFICATION NUMBER | |
| Classification number | 297.024610 ALA-I |
| 100 ## - MAIN ENTRY--AUTHOR NAME | |
| Personal name | Alavi, Seema |
| 245 #0 - TITLE STATEMENT | |
| Title | Islam and healing: loss and recovery of an Indo-Muslim medical tradition 1600-1900 |
| 260 ## - PUBLICATION, DISTRIBUTION, ETC. (IMPRINT) | |
| Place of publication | Ranikhet |
| Name of publisher | Permanent Black |
| Year of publication | 2007 |
| 300 ## - PHYSICAL DESCRIPTION | |
| Number of Pages | xiii, 384 |
| 504 ## - BIBLIOGRAPHY, ETC. NOTE | |
| Bibliography, etc | includes bibliography, index and glossary |
| 650 ## - SUBJECT ADDED ENTRY--TOPICAL TERM | |
| Topical Term | Healing |
| Form subdivision | Religious aspects |
| -- | Islam |
| Geographic subdivision | 1600-1900 |
| 650 ## - SUBJECT ADDED ENTRY--TOPICAL TERM | |
| Topical Term | Medicine, Arab |
| Form subdivision | Religious aspects |
| -- | Islam |
| Geographic subdivision | 1600-1900 |
| 650 ## - SUBJECT ADDED ENTRY--TOPICAL TERM | |
| Topical Term | Traditional medicine |
| Form subdivision | Cross- cultural studies |
| Geographic subdivision | India |
| -- | 1600-1900 |
| 650 ## - SUBJECT ADDED ENTRY--TOPICAL TERM | |
| Topical Term | Medicine |
| Form subdivision | Religious aspects |
| Geographic subdivision | 1600-1900 |
| -- | India |
| 942 ## - ADDED ENTRY ELEMENTS (KOHA) | |
| Koha item type | Books |
| Withdrawn status | Lost status | Damaged status | Not for loan | Home library | Current library | Date acquired | Source of acquisition | Bill Date | Full call number | Accession Number | Price effective from | Koha item type |
|---|---|---|---|---|---|---|---|---|---|---|---|---|
| NASSDOC Library | NASSDOC Library | 12/11/2008 | IPG | 2008-09-10 | 297.024610 ALA-I | 44742 | 18/04/2019 | Books |
